Pekelné úkoly čertí babičky /

Hlavní autor: Gecková, Iva
Další autoři: Trsťan, Drahomír, 1958-
Jazyk: Čeština
Vydáno: Praha : Bambook, 2020
Vydání: Vydání 1.
Témata:
Fyzický popis: 86 stran : ilustrace ; 29 cm
Knihy
Uloženo v:
LEADER 02312nam a2200649 i 4500
001 nkc20203176131
003 CZ PrNK
005 20210505094626.0
007 ta
008 200213s2020 xr a b 000 | cze
015 |a cnb003176131 
020 |a 978-80-271-2890-7  |q (brožováno) :  |c Kč 199,00 
035 |a (OCoLC)1199990249 
040 |a BOA001  |b cze  |e rda 
072 7 |a 373.2/.3  |x Předškolní a primární výchova a vzdělávání  |2 Konspekt  |9 22 
072 7 |a 0/9-053.2  |x Literatura pro děti a mládež (naučná)  |2 Konspekt  |9 26 
080 |a 793.7  |2 MRF 
080 |a 793.7-021.254  |2 MRF 
080 |a 159.955  |2 MRF 
080 |a 159.946.4  |2 MRF 
080 |a 316.346.32-053.5  |2 MRF 
080 |a (076.1)  |2 MRF 
080 |a (0.053.2)  |2 MRF 
100 1 |a Gecková, Iva  |7 ola2018982229  |4 aut 
245 1 0 |a Pekelné úkoly čertí babičky /  |c Iva Gecková ; ilustrace Drahomír Trsťan 
250 |a Vydání 1. 
264 1 |a Praha :  |b Bambook,  |c 2020 
300 |a 86 stran :  |b ilustrace ;  |c 29 cm 
336 |a text  |b txt  |2 rdacontent 
336 |a statický obraz  |b sti  |2 rdacontent 
337 |a bez média  |b n  |2 rdamedia 
338 |a svazek  |b nc  |2 rdacarrier 
650 0 7 |a křížovky  |7 ph117217  |2 czenas 
650 0 7 |a osmisměrky  |7 ph117249  |2 czenas 
650 0 7 |a rébusy  |7 ph125388  |2 czenas 
650 0 7 |a hledání rozdílů (hry)  |7 ph968554  |2 czenas 
650 0 7 |a rozvoj myšlení  |7 ph135316  |2 czenas 
650 0 7 |a grafomotorika  |7 ph120600  |2 czenas 
650 0 7 |a děti školního věku  |7 ph119714  |2 czenas 
650 0 9 |a crossword puzzles  |2 eczenas 
650 0 9 |a wordsearch puzzles  |2 eczenas 
650 0 9 |a rebuses  |2 eczenas 
650 0 9 |a find difference games  |2 eczenas 
650 0 9 |a development of thought  |2 eczenas 
650 0 9 |a graphomotorics  |2 eczenas 
650 0 9 |a school children  |2 eczenas 
655 7 |a pracovní sešity  |7 fd133116  |2 czenas 
655 7 |a publikace pro děti  |7 fd133156  |2 czenas 
655 9 |a activity books  |2 eczenas 
655 9 |a children's literature  |2 eczenas 
700 1 |a Trsťan, Drahomír,  |d 1958-  |7 mzk2010598344  |4 ill 
910 2 |a BOA001  |b 4-1443.755 
928 9 |a Grada Publishing - Bambook 
990 |a BK 
995 |a 01 
991 |b 202002  |c NOV 
996 6 |b 2610814764  |c 4-1443.755  |l MZK  |r Sklad / do 1 hodiny  |n 0  |p p.v.  |w 001782430  |u 000010  |a 1  |e BOA001  |j MZK50  |s P